Statystyki dla Kadra rep Danii na mundial 2018

Kliknij tutaj aby rozwiązać quiz!

Ogólne statystyki

  • Ten quiz został rozwiązany 60 razy
  • Średni wynik to 11 z 24

Statystyki odpowiedzi

pozycja#klubpiłkarz% Poprawnych
B1LeicesterKasper Schmeichel
100%
P10TottenhamChristian Eriksen
90%
N20RB LipskYussuf Yurary Poulsen
90%
O6ChelseaAndreas Christensen
77%
O4SevillaSimon Kjaer
77%
N12AjaxKasper Dolberg
69%
P19AjaxLasse Schone
54%
O13HuddersfieldMathias Jorgensen
50%
N9FeyenoordNicolai Jorgensen
50%
P8WerderThomas Delaney
50%
O3Borussia MJannik Vestergaard
44%
N11BordeauxMartin Braithwaite
40%
N21AtalantaAndreas Cornelius
35%
B16HuddersfieldJonas Lossl
33%
O17UdineseJens Stryger Larsen
29%
N15KopenhagaViktor Fischer
29%
N23KopenhagaPione Sisto
25%
P7KopenhagaWilliam Kvist
23%
selekcjoner--Age Hareide
21%
P2DeportivoMichael Krohn Dehli
21%
O5IpswichJonas Knudsen
17%
B22BrondbyFrederik Ronnow
15%
O14BrentfordHenrik Dalsgaard
15%
P18BordeauxLukas Lerager
13%

Rozkład punktacji

Percentyl według liczby udzielonych odpowiedzi

Procent ludzi z każdym wynikiem

Twoja historia wyników

Nie rozwiązałeś tego quizu